Marvel Picture Find: Guardians of the Galaxy Quiz Stats

 Plays Quiz Updated Jun 3, 2019

Score 0/77 Timer 12:00
19 Plays Today
% Correct
Groot
93.4%
Star-Lord
89.8%
Rocket Raccoon
88.4%
Gamora
86%
Thanos
84.2%
Drax
80.6%
Thing
69.3%
Ego the Living Planet
67.5%
Yondu
65.7%
Nebula
64.5%
Ronan the
Accuser
63.3%
The Keeper
61.9%
Ant-Man
61.9%
Spirit of
Vengeance
61.6%
Captain
Marvel
57.6%
Agent
Venom
57.4%
Mantis
56%
Nova
55.9%
Iron Man
51.5%
Uatu the
Watcher
46.9%
Giraud of Haven
43.4%
Adam
Warlock
41.8%
The Collector
38.9%
Cosmo the
Spacedog
36.5%
Captain
Universe
34.8%
Moondragon
34.1%
Mephisto
31.6%
Grandmaster
28.9%
Annihilus
28.2%
Angela
25.7%
Mainframe
24.9%
Aleta Ogord
24.5%
Charlie-27
22.8%
Starhawk
22.7%
Major
Victory
22.6%
Firelord
22.1%
Martinex
20.9%
Blastaar
20.1%
Magus
18.9%
% Correct
Bug
18.8%
Kitty Pryde
17.8%
Beyonder
17.5%
Jack Flag
17.4%
Yellowjacket
16.3%
Korath the
Pursuer
15.7%
Nikki
14.2%
Taserface
13.6%
Korvac
12.6%
J'Son of
Spartax
12.3%
Martyr
12.2%
Hollywood
12.1%
Shaddo
12%
Deathcry
10.4%
Replica
9.8%
Talon
9.7%
Killraven
8.8%
Sidestep
8.3%
Bat-Wing
7.6%
Krugarr
7.1%
Death Metal
6.9%
Rancor
6.8%
Ganglia
6.6%
Protégé
6.5%
Malevolence
6.1%
Eightyfive
6%
Blockade
6%
Geena
Drake
6%
Wormhole
5.9%
Supreme
Commander
Drang
5.8%
Silverback
5.5%
Bubonicus
5.5%
Skytower
5.4%
Mindscan
5.2%
Blaster
5.1%
Stormfront
5%
Stella Nega
4.6%
Aerolite
4.4%

You're not logged in!

Compare scores with friends on all Sporcle quizzes.
OR
Log In

Sporcle TV

Today on Sporcle TV


Watch our educational content, quiz creation guides, and fun videos on Sporcle TV.

Show Comments

Extras

Top Quizzes Today


Score Distribution

Your Account Isn't Verified!

In order to create a playlist on Sporcle, you need to verify the email address you used during registration. Go to your Sporcle Settings to finish the process.

Report this User

Report this user for behavior that violates our Community Guidelines.

Details: